| 000 | 01408nam a2200241 a 4500 | ||
|---|---|---|---|
| 008 | 071119s1995 ||||||||||||||||| || u | ||
| 020 | _a0333605225 | ||
| 050 | _aTH 145 Wal | ||
| 100 | _aWalton, Denis | ||
| 245 | 1 | 0 |
_aBuilding construction: principles and practices _cDenis Walton |
| 260 |
_aOxford _bMacmillan _c1995 |
||
| 300 | _aix, 238p.: ill. | ||
| 350 | _a0.00 | ||
| 490 | _aThe MOTIVATE aeries(Macmillan Texts for Industrial Vocational and Technical Education) | ||
| 650 | _aBUILDING | ||
| 650 | _aBUILDING CONSTRUCTION | ||
| 650 | _aBUILDING MATERIALS | ||
| 995 |
_aMAIN LIBRARY OPEN ACCESS _D0.00 _e738053 _FCBU-MAIN LIBRARY (Kitwe) _H1 _I0.00 _jTH 145 Wal _M2 _UOUT _WNov 19, 2007 _y738053 _ZMain Library Open Access Collection |
||
| 995 |
_aBINDERY (DAMAGED) _D0.00 _e738055 _FCBU-MAIN LIBRARY (Kitwe) _H1 _I0.00 _jTH 145 Wal _M1 _UDAMAGED _WNov 19, 2007 _y738055 _ZMain Library Open Access Collection |
||
| 995 |
_aBINDERY (DAMAGED) _D0.00 _e738054 _FCBU-MAIN LIBRARY (Kitwe) _H1 _I0.00 _jTH 145 Wal _M3 _UDAMAGED _WNov 19, 2007 _y738054 _ZMain Library Open Access Collection |
||
| 995 |
_aMAIN LIBRARY OPEN ACCESS _D0.00 _e738052 _FCBU-MAIN LIBRARY (Kitwe) _H1 _I0.00 _jTH 145 Wal _M4 _UAVAILABLE _WNov 19, 2007 _y738052 _ZMain Library Open Access Collection |
||
| 995 |
_aBINDERY (DAMAGED) _D0.00 _e738056 _FCBU-MAIN LIBRARY (Kitwe) _H1 _I0.00 _jTH 145 Wal _M5 _UDAMAGED _WNov 19, 2007 _y738056 _ZMain Library Open Access Collection |
||
| 999 |
_c77793 _d77793 |
||